Aztecas /

Guardado en:
Autor Principal: de Hoyos, María.
Otros Autores: Chiappe, Aldo; il.
Formato: Libro
Idioma:Undetermined
Publicado: Madrid : A-Z, 1999.
Series:Gente americana / Miguel Ángel Palermo
Materias:
Etiquetas: Agregar Etiqueta
Sin Etiquetas, Sea el primero en etiquetar este registro!
LEADER 00989nam a22001935a 4500
001 CEM.cems024233
008 240814s1999####sp############000#0#und#d
005 20240814150931.0
245 1 0 |a Aztecas /  |c María de Hoyos ; ilustrado por Aldo Chiappe. 
260 |a Madrid :  |b A-Z,  |c 1999. 
300 |a 32 p. 
490 1 |a Gente americana / Miguel Ángel Palermo 
505 0 |a De mendigos a señores -- El valle de México -- Tenochtitlán, la ciudad del lago -- Tributos para el Imperio -- La nobleza y el poder -- Los hombres comunes -- Mercados y mercaderes -- Los saberes especiales -- La guerra: siempre presente -- Un pueblo muy religioso -- Salvar la luz, con la Guerra Florida -- El Fuego Nuevo -- Malos presagios -- Para estudiar a los aztecas -- Gente que se ocupa de los aztecas 
020 |a 950534550X 
100 1 |a de Hoyos, María. 
700 1 |a Chiappe, Aldo; il. 
653 |a Pueblos originarios 
653 |a Aztecas 
859 |a CEMS  |b BIB. CEMS - Inicial y Primaria  |h 572  |i D367  |k IP  |p 3303  |t Ej.1